Nasadenie LTE technológie

Uložené v:
Podrobná bibliografia
Hlavný autor: Letenay, Jakub (Autor)
Ďalší autori: Baroňák, Ivan (Vedúci práce)
Médium: Rukopis Kniha
Jazyk:Slovak
Vydavateľské údaje: 2019
Predmet:
On-line prístup:http://is.stuba.sk/zp/portal_zp.pl?podrobnosti=147618
Tagy: Pridať tag
Žiadne tagy, Buďte prvý, kto otaguje tento záznam!

MARC

LEADER 00000ntm a22000003a 4500
001 stuzp71688
003 SK-STU
005 20190719094321.7
007 ta
008 150427s2015----xo-----f-mn---000-0-slo-d
040 |a STU  |b slo 
041 0 |a slo 
044 |a xo 
100 1 |a Letenay, Jakub  |u 037000  |4 aut  |U FEI Fakulta elektrotechniky a informatiky  |T FEI Ústav multimediálnych informačných a komunikačných technológií  |X 79643  |U E070  |Y 818  |7 79643 
242 0 1 |a Deploying LTE technology  |y eng 
245 1 0 |a Nasadenie LTE technológie 
260 |c 2019 
300 |a 46 s.,  |b CD-ROM 
650 4 |a LTE-Advanced  |2 slo 
650 4 |a LTE  |2 slo 
650 4 |a Release  |2 slo 
650 4 |a FDD  |2 slo 
650 4 |a TDD  |2 slo 
650 4 |a LTE-Advanced  |2 eng 
650 4 |a LTE  |2 eng 
650 4 |a Release  |2 eng 
650 4 |a FDD  |2 eng 
650 4 |a TDD  |2 eng 
700 1 |a Baroňák, Ivan  |u 037000  |k Z1  |4 ths  |U FEI Fakulta elektrotechniky a informatiky  |T FEI Ústav multimediálnych informačných a komunikačných technológií  |X 1925  |U E070  |Y 818  |7 A000001925 
856 4 |u http://is.stuba.sk/zp/portal_zp.pl?podrobnosti=147618 
996 |b 284ER02918  |c E*Bc- 2918  |l EE37  |s P  |a 0  |w stuzp71688_0001